Statistics for Fortnite Locations Quiz (Up To Date Season 5)

Click here to take the quiz!

General Stats

  • This quiz has been taken 87 times
  • The average score is 18 of 20

Answer Stats

HintAnswer% Correct
TTTilted Towers
99%
SSSalty Springs
96%
HHHaunted Hills
94%
LLLoot Lake
94%
JJJunk Junction
92%
PPParadise Palms
92%
PPPleasant Park
92%
RRRetail Row
92%
WWWailing Woods
92%
GGGreasy Grove
91%
LLLucky Landing
91%
DDDusty Divot
90%
SSSnobby Shores
90%
FFFatal Fields
87%
LLLazy Links
87%
RRRisky Reels
87%
LLLonely Lodge
86%
SSShifty Shafts
84%
TTTomato Town
84%
FFFlush Factory
82%

Score Distribution

Percentile by Number Answered

Percent of People with Each Score

Your Score History

You have not taken this quiz